000 00318nam a2200157Ia 4500
100 _aWelsh/ Matt
250 _a3
942 _cBK
654 _aRunning Linux
245 _aRunning Linux
260 _bOreilly & Ass Inc
_c1999
082 _a005.133'L'
_bWEL/
300 _a730
546 _aENGLISH
999 _c26911
_d26911